000 00415nam a2200169Ia 4500
008 230524s9999 xx 000 0 und d
020 _a8185623228
082 _a5.133
_bLAF
100 _aRobert Laffore
245 0 _aObject Oriented Programming in Turbo C++
250 _a1ST
260 _aNEW DELHI
_bGalgotia
_c2004
300 _aXIX;725
500 _aQuantity Number: 5
650 _aComp-Sc
942 _cBK
999 _c17928
_d17928